LEADER 01410nam a2200241 i 4500 001 000000030736 003 CaOOAMICUS 005 20230906122342.0 008 180830s1761 it u000 u lat u 040 $aSeMil$bita 100 1 $aBerti, Giovanni Lorenzo,$d<1696-1766>.$0(OLS)http://semarc/name/4497 245 10$aEcclesiasticae historiae breviarium auctore Joanne-Laurentio Berti florentino fratre eremita augustiniano ... Pars 1. [-2.]. 250 $aEditio secunda ab auctore ipso recognita, pluribus in locis emendata, & chronologiae sacrae elementis nunc primum locupletata. 264 1$aVenetiis :$bEx Typographia Remondiniana,$c1761. 300 $a2 v. ;$c12°. 500 $aVignetta calcogr. (Gesł buon pastore) sui front. - Iniz. xilogr. 650 4$aChiesa - Storia.$0(OLS)http://semarc/subject/8 700 0 $aRemondini,$c.$0(OLS)http://semarc/name/3017 774 0 $tPars prima quae complectitur chronologiae rudimenta, et decem priorum seculorum synopsim.$g1$w()234645 774 0 $tPars secunda quae progreditur usque ad annum vulgaris aera millesimum septigentesimum sexagesimum.$g2$w()234646 996 $6245$aEcclesiasticae historiae breviarium auctore Joanne-Laurentio Berti florentino fratre eremita augustiniano ... Pars 1. [-2.]$9(OLS)http://semarc/title/41822 996 $6264$aVenetiis :$bEx Typographia Remondiniana$9(OLS)http://semarc/publisher/37285 LEADER 01124nam a2200265 i 4500 001 000000070037 003 CaOOAMICUS 005 20201127133839.0 008 100813s1999 it u000 u ita u 013 $a41209 020 $a88-384-4174-X 040 $aSeMil$bita 100 1 $aSimonetti, Manlio,$d<1926-2017>.$0(OLS)http://semarc/name/89094 245 10$aStoria della letteratura cristiana antica /$cManlio Simonetti ; Emanuela Prinzivalli. 260 $aCasale Monferrato (AL) :$bPiemme,$c1999. 300 $a573 p. ;$c23 cm. 650 4$aLetteratura cristiana antica - Storia.$0(OLS)http://semarc/subject/550 700 1 $aPrinzivalli, Emanuela,$d<1956- >.$0(OLS)http://semarc/name/89660 850 $aSeMil 852 $aSeMil$W1$xVenegono$y1$m2U IV 136$j36190$B36190$CSeMilBibl$Z2$F36193 $81 961 $aRimoldi mons. Antonio - Omaggio 996 $6020$a88-384-4174-X$9(OLS)http://semarc/number/48726 996 $6245$aStoria della letteratura cristiana antica$9(OLS)http://semarc/title/112329 996 $6260$aCasale Monferrato (AL) :$bPiemme$9(OLS)http://semarc/publisher/30052